Şiirimizde öğretmen (Record no. 5617)

MARC details
000 -BAŞLIK
Sabit Uzunlukta Kontrol Alanı 00706na a2200241 4500
001 - KONTROL NUMARASI
Denetim Alanı 14257
003 - KONTROL NUMARASI IDENTIFIER
Denetim Alanı MIRAKIL
005 - SON İŞLEM TARİHİ VE ZAMANI
Denetim Alanı 20181213155042.0
008 - SABİT-BOY VERİ ELEMANLARI - GENEL BİLGİLER
Sabit Uzunlukta Kontrol Alanı 161123b tu 000 0
020 ## - ULUSLARARASI STANDART KİTAP NUMARASI
Uluslararası Standart Kitap Numarası 9786058808423
035 ## - SİSTEM KONTROL NUMARASI
Sistem Kontrol Numarası 14257
040 ## - KATALOGLAMA KAYNAK
Orijinal Kataloglama Ajansı Milas
Kataloglama Dili tur
Metne Dönüştürmek Ajansı TR-AnCHP
041 ## - DİL KODU
Metin / Ses Parça Veya Ayrı Başlığın Dil Kodu tur
082 ## - DEWEY ONLU SINIFLANDIRMA NUMARASI
Sınıflandırma Numarası 811.42
Ürün Numarası Ş55 2011
090 ## - SINIFLAMA NUMARASI
Sınıflama Numarası 811.42 Ş55 2011
245 ## - BAŞLIK TABLOSU
Başlık Şiirimizde öğretmen
Sorumluluk Tablosu, Vb derleyen Yılmaz Sunucu
260 ## - YAYIN, DAĞITIM, VB
Yayın, Dağıtım, Vb Yeri İzmir
Yayıncı, Dağıtıcı, Vs Adı Konak Belediyesi Kültür Yayınları
Yayın, Dağıtım, Vb Tarihi 2011
300 ## - FİZİKSEL TANIM
Kapsam 95 s.
Diğer Fiziksel Ayrıntıları res.
Boyutlar 20 sm.
490 ## - SERİSİ TABLOSU
Seri Beyanı Konak Belediyesi Kültür yayınları
Hacim / Ardışık Tanımı 03
650 ## - KONU KATMA GİRİŞ - TOPİKAL DÖNEM
Topikal Süreli Veya Coğrafi Ad Giriş Elemanı Türk edebiyatı
Genel Alt Bölümü Türkçe şiir
Kronolojik Alt Bölümü Türkiye
Coğrafi Alt Bölümü Öğretmenler
700 ## - KATMA GİRİŞ - KİŞİSEL İSİM
Kişisel Ad Sunucu, Yılmaz
942 ## - EKLENDİ GİRİŞ ELEMANLARI (KOHA)
Sınıflandırma Veya Raf Düzeni Kaynak Dewey Decimal Classification
Koha Öğesi Türü Books
999 ## - SİSTEM KONTROL NUMARALARI (KOHA)
Koha Biblionumber 5617
Koha Biblioitemnumber 5617
Holdings
Kalıcı Konum Mevcut Konum Edinme Tarihi Edinim Kaynak Toplam Check-Out'Lar Tam Çağrı Numarası Barkod Tarih Son Görülme İtibaren Geçerli Fiyatlar Koha Öğesi Türü Kopya Sayısı
CHP Kütüphanesi CHP Kütüphanesi 08/25/2016 Bağış   811.42 Ş55 2011 002084 08/25/2016 08/25/2016 Books  
CHP Kütüphanesi CHP Kütüphanesi 09/01/2016 Bağış   811.42 Ş55 2011 002239 09/01/2016 09/01/2016 Books k.2